000 00628nam a2200181Ia 4500
003 GCL
005 20240530104138.0
008 140319s9999 xx 000 0 ara d
040 _aGCL /
_cGCL
082 0 4 _a214.3
_bم د
100 1 _aمقداد يالجن
245 1 0 _aدور التربية الاخلاقية الاسلامية فى بناء الفرد والمجتمع والحضارة الانسانية /
_cيالجن، مقداد
300 _a120 ص
650 0 4 _aالتربية الاسلامية
650 0 4 _aالتربية الاخلاقية
650 0 4 _aالحضارة الانسانية
942 _2ddc
_cBK
999 _c44940
_d44940